Dictionary Of Money and Investing (Record no. 4630)

MARC details
000 -LEADER
fixed length control field 00422nam a2200157Ia 4500
008 - FIXED-LENGTH DATA ELEMENTS--GENERAL INFORMATION
fixed length control field 230312s9999||||xx |||||||||||||| ||und||
020 ## - INTERNATIONAL STANDARD BOOK NUMBER
International Standard Book Number 080506933
082 ## - DEWEY DECIMAL CLASSIFICATION NUMBER
Classification number 332.03
Item number DIC
100 ## - MAIN ENTRY--PERSONAL NAME
Personal name Gretchen Morgenson
245 #0 - TITLE STATEMENT
Title Dictionary Of Money and Investing
260 ## - PUBLICATION, DISTRIBUTION, ETC.
Name of publisher, distributor, etc. Times Books, Henry holt and company
Place of publication, distribution, etc. New York
Date of publication, distribution, etc. 2002
300 ## - PHYSICAL DESCRIPTION
Extent 382
546 ## - LANGUAGE NOTE
Language note Eng.
650 ## - SUBJECT ADDED ENTRY--TOPICAL TERM
Topical term or geographic name entry element Dictionary
Form subdivision Money and Investment
942 ## - ADDED ENTRY ELEMENTS (KOHA)
Koha item type BOOK

No items available.

Powered by Koha